000 00244nam a2200109Ia 4500
005 20251222155054.0
008 251222s9999||||xx |||||||||||||| ||spa||
082 _aPED.73
245 0 _aDesarrollo psicomotriz
264 _bNo tiene
942 _cLIB
999 _c37409
_d37409